banner-ar

بورما بين الشرق والغرب / (Record no. 46972)

MARC details
000 -الفاتح
حقل البيانات ثابتة الطول 00654nam a2200205Ia 4500
008 - عناصر البيانات ثابتة الطول - معلومات عامة
حقل البيانات ثابتة الطول 140319s9999 xx 000 0 ara d
040 ## - مصدر الفهرسة
وكالة الفهرسة الأصلية GCL /
وكالة النسخ GCL
082 04 - رقم تصنيف ديوى العشرى
رقم التصنيف 959.1
رقم المادة س ب
100 1# - المدخل الرئيسى - إسم شخصى
الإسم الشخصى سنجال، سينوين
245 10 - بيان العنوان
العنوان بورما بين الشرق والغرب /
بيان المسئوليه,etc سنجال، سينوين
700 1# - المدخل الاضافى - اسم شخصى
الإسم الشخصى احمد اسعد الطاهر
700 1# - المدخل الاضافى - اسم شخصى
الإسم الشخصى محيى الدين فوزى
300 ## - الوصف المادى
التعداد 79 ص
490 ## - بيان السلسلة
عنوان السلسلة كتب سياسية
رقم المجلد/ التعيين التسلسلي 0
650 04 - المدخل الاضافى بالموضوع-مصطلح موضوعى
مصطلح موضوعي بورما - تاريخ
650 04 - المدخل الاضافى بالموضوع-مصطلح موضوعى
مصطلح موضوعي بورما - الاحوال الاجتماعية
650 04 - المدخل الاضافى بالموضوع-مصطلح موضوعى
مصطلح موضوعي بورما - الاحوال السياسية
942 ## - عناصر المدخل الإضافي( كوها)
مصدر التصنيف او مخطط الترفيف Dewey Decimal Classification
Koha [default] item type كتاب
Holdings
حالة التراجع حالة الفقد حالة تلف ليس للاعارة المكان المؤقت الموقع الحالى تاريخ الاكتساب اجمالي اﻻعارات رقم الطلب الباركود تاريخ اخر مشاهدة تاريخ تفعيل السعر نوع وعاء كوها
        مكتبة القاهرة الكبرى مكتبة القاهرة الكبرى 03/26/2014   959.1\س ب 114012 03/26/2014 03/26/2014 كتاب

Powered By

EGPV